Megállt Krisztus a Szeret partján
Elmentve itt :
| Szerző: | |
|---|---|
| Adatforrás: | Meister |
| Forrásdokumentuma: | Művelődés. - 11-12 sz., 1990, 28 p. |
| Nyelv: | magyar |
| Kulcsszavak: | oral-history etnográfia csángók Klézse |
| LEADER | 00408nab a2200157 i 4500 | ||
|---|---|---|---|
| 001 | bibPRO00002763 | ||
| 008 | 060524s1990 xx hun | ||
| 040 | |a Sz1 | ||
| 041 | |a hun | ||
| 100 | 1 | |a POZSONY Ferenc | |
| 245 | 1 | 0 | |a Megállt Krisztus a Szeret partján |c POZSONY Ferenc |
| 695 | |a oral-history | ||
| 695 | |a etnográfia | ||
| 695 | |a csángók | ||
| 695 | |a Klézse | ||
| 773 | 0 | |t Művelődés. - |g 11-12 sz., 1990, 28 p. | |